Signal Processing Principles and Implementation (Record no. 194253)

MARC details
000 -LEADER
fixed length control field 00525nam a2200205Ia 4500
008 - FIXED-LENGTH DATA ELEMENTS--GENERAL INFORMATION
fixed length control field 240823s9999||||xx |||||||||||||| ||und||
020 ## - INTERNATIONAL STANDARD BOOK NUMBER
International Standard Book Number 978-81-7319-570-6
082 ## - DEWEY DECIMAL CLASSIFICATION NUMBER
-- 621.382205 Q2
100 ## - MAIN ENTRY--PERSONAL NAME
Personal name Narasimhan S V
245 #0 - TITLE STATEMENT
Title Signal Processing Principles and Implementation
250 ## - EDITION STATEMENT
Edition statement 1st
260 ## - PUBLICATION, DISTRIBUTION, ETC. (IMPRINT)
Date of publication, distribution, etc 2012
Name of publisher, distributor, etc "Narosa, New "
Place of publication, distribution, etc New Delhi
500 ## - GENERAL NOTE
General note YES
650 ## - SUBJECT ADDED ENTRY--TOPICAL TERM
Topical term or geographic name as entry element Signal Processing
700 ## - ADDED ENTRY--PERSONAL NAME
Personal name Veena S
942 ## - ADDED ENTRY ELEMENTS (KOHA)
Item type Books
Holdings
Withdrawn status Lost status Damaged status Permanent location Current location Date acquired Source of acquisition Cost, normal purchase price Full call number Barcode Date last seen Koha item type
      CENTRAL LIBRARY, NOORUL ISLAM CENTRE FOR HIGHER EDUCATION CENTRAL LIBRARY, NOORUL ISLAM CENTRE FOR HIGHER EDUCATION 01/19/2013 Tamil Nadu Book House 410.00 621.382205 Q2 46090 08/23/2024 Books
Visitors:
Copyright © 2024 Central Library NICHE.  All rights reserved.